1671 1344 1115 1311 1578 1150 1599 1096 1175 1575 1456 1886 1879 1585 1654 1310 1872 1157 1877 1176 1706 1238 1885 1561 1158 1935 1321 1590 1743 1862 1342 1721 1825 1200 1346 1155 1702 1356 1728 1647 1052 1501 1402 1574 1266 1541 1607 1822 1139 1133 1398 1537 1682 1687 1811 1297 1917 1237 1891 1463 1246 1765 1266 1285 1608 1890 1707 1106 1320 1800 1127 1994 1896 1362 1041 1942 1830 1142 1293 1501 1845 1908 1818 1941 1807 1268 1837 1979 1493 1517 1166 1823 1166 1092 1392 1362 1985 1789 1283 BCNSPRNW ULIB Ver.6.0+V

เปลี่ยนเป็นภาษาไทย

Change to English
 แสดงรายละเอียดบรรณานุกรม
  กลับหน้าหลัก

Brief Record : Get Marc (ISO 2709) : E-mail record : QR code < ปิดหน้าต่าง
LEADER : 00000nam 2200000uu 4500
001    13399124925
003     ULIB
008    160517s2558||||th 000 0 tha d
020    ^a9786163946706
060 04 ^aQZ4^bพ218
245 00 ^aพยาธิสรีรวิทยาทางการพยาบาล =^bPathophysiology in nursing /^cโดย พัสมณฑ์ คุ้มทวีพร ... [และคนอื่น ๆ]
246 31 ^aPathophysiology in nursing.
250    ^aพิมพ์ครั้งที่ 1.
260    ^aกรุงเทพฯ :^bภาควิชาการพยาบาลรากฐาน คณะพยาบาลศาสตร์ มหาวิทยาลัยมหิดล,^c2558.
300    ^a411 หน้า :^bภาพประกอบ ;^c26 ซม.
650  4 ^aสรีรวิทยา
650  4 ^aพยาธิวิทยา
650  4 ^aเซลล์วิทยา
700 0  ^aวีนัส ลีฬหกุล
700 0  ^aวิไลวรรณ ทองเจริญ
700 0  ^aจันทนา รณฤทธิวิชัย
700 0  ^aพัสมณฑ์ คุ้มทวีพร
710 2  ^aมหาวิทยาลัยมหิดล. ^bคณะพยาบาลศาสตร์. ^bภาควิชาการพยาบาลรากฐาน
945    ^p500^l0^i005713
945    ^p500^l0^i005198
945    ^p500^l0^i005200
945    ^p500^l0^i005717
945    ^p500^l0^i005716
945    ^p500^l0^i005715
945    ^p500^l0^i005199
945    ^p500^l0^i005714
945    ^p500^l0^i000788
945    ^p500^l0^i000789
945    ^p500^l0^i000790
945    ^p500^l0^i000791
945    ^p500^l0^i000792
945    ^p500^l0^i000793
945    ^p500^l0^i000794
945    ^p500^l0^i000795
999    ^aเกษร โพธิ์สุวรรณ
รายการนี้ยังไม่มีแท็ก
คุณยังไม่ได้ล็อกอิน คุณสามารถมีกิจกรรมร่วมกับเว็บไซต์ได้ แต่ต้องล็อกอินก่อน ::
  ล็อกอิน

รายการสื่อสารสนเทศ

ลำดับที่ ประเภท เลขเรียก/บาร์โค้ด สถานที่ สถานะ
1. วิทยาศาสตร์การแพทย์ และสุขภาพ
วิทยาศาสตร์การแพทย์ และสุขภาพ
สถานะ=หนังสือเก่า
QZ4 พ218 ฉ.1 
  Barcode: 000788
ห้องสมุดวิทยาเขตสวรรค์ประชารักษ์
►ส่วนจัดเก็บหนังสือเก่า สปร
บนชั้น
  ขอยืม
2. วิทยาศาสตร์การแพทย์ และสุขภาพ
วิทยาศาสตร์การแพทย์ และสุขภาพ
QZ4 พ218 ฉ.10 
  Barcode: 005199
ห้องสมุดวิทยาเขตสวรรค์ประชารักษ์
►หนังสือทั่วไป
บนชั้น
3. วิทยาศาสตร์การแพทย์ และสุขภาพ
วิทยาศาสตร์การแพทย์ และสุขภาพ
QZ4 พ218 ฉ.11 
  Barcode: 005200
ห้องสมุดวิทยาเขตสวรรค์ประชารักษ์
►หนังสือทั่วไป
ถูกยืม กำหนดส่งวันที่ 10 พฤศจิกายน 2568
  จอง
4. วิทยาศาสตร์การแพทย์ และสุขภาพ
วิทยาศาสตร์การแพทย์ และสุขภาพ
สถานะ=หนังสือเก่า
QZ4 พ218 ฉ.12 
  Barcode: 005713
ห้องสมุดวิทยาเขตสวรรค์ประชารักษ์
►ส่วนจัดเก็บหนังสือเก่า สปร
บนชั้น
  ขอยืม
5. วิทยาศาสตร์การแพทย์ และสุขภาพ
วิทยาศาสตร์การแพทย์ และสุขภาพ
สถานะ=หนังสือเก่า
QZ4 พ218 ฉ.13 
  Barcode: 005714
ห้องสมุดวิทยาเขตสวรรค์ประชารักษ์
►ส่วนจัดเก็บหนังสือเก่า สปร
บนชั้น
  ขอยืม
6. วิทยาศาสตร์การแพทย์ และสุขภาพ
วิทยาศาสตร์การแพทย์ และสุขภาพ
สถานะ=หนังสือเก่า
QZ4 พ218 ฉ.14 
  Barcode: 005715
ห้องสมุดวิทยาเขตสวรรค์ประชารักษ์
►ส่วนจัดเก็บหนังสือเก่า สปร
บนชั้น
  ขอยืม
7. วิทยาศาสตร์การแพทย์ และสุขภาพ
วิทยาศาสตร์การแพทย์ และสุขภาพ
สถานะ=หนังสือเก่า
QZ4 พ218 ฉ.15 
  Barcode: 005716
ห้องสมุดวิทยาเขตสวรรค์ประชารักษ์
►ส่วนจัดเก็บหนังสือเก่า สปร
บนชั้น
  ขอยืม
8. วิทยาศาสตร์การแพทย์ และสุขภาพ
วิทยาศาสตร์การแพทย์ และสุขภาพ
สถานะ=หนังสือเก่า
QZ4 พ218 ฉ.16 
  Barcode: 005717
ห้องสมุดวิทยาเขตสวรรค์ประชารักษ์
►ส่วนจัดเก็บหนังสือเก่า สปร
บนชั้น
  ขอยืม
9. วิทยาศาสตร์การแพทย์ และสุขภาพ
วิทยาศาสตร์การแพทย์ และสุขภาพ
QZ4 พ218 ฉ.2 
  Barcode: 000789
ห้องสมุดวิทยาเขตสวรรค์ประชารักษ์
►หนังสือทั่วไป
บนชั้น
10. วิทยาศาสตร์การแพทย์ และสุขภาพ
วิทยาศาสตร์การแพทย์ และสุขภาพ
สถานะ=หนังสือเก่า
QZ4 พ218 ฉ.3 
  Barcode: 000790
ห้องสมุดวิทยาเขตสวรรค์ประชารักษ์
►ส่วนจัดเก็บหนังสือเก่า สปร
บนชั้น
  ขอยืม
11. วิทยาศาสตร์การแพทย์ และสุขภาพ
วิทยาศาสตร์การแพทย์ และสุขภาพ
สถานะ=หนังสือเก่า
QZ4 พ218 ฉ.4 
  Barcode: 000791
ห้องสมุดวิทยาเขตสวรรค์ประชารักษ์
►ส่วนจัดเก็บหนังสือเก่า สปร
บนชั้น
  ขอยืม
12. วิทยาศาสตร์การแพทย์ และสุขภาพ
วิทยาศาสตร์การแพทย์ และสุขภาพ
สถานะ=หนังสือเก่า
QZ4 พ218 ฉ.5 
  Barcode: 000792
ห้องสมุดวิทยาเขตสวรรค์ประชารักษ์
►ส่วนจัดเก็บหนังสือเก่า สปร
บนชั้น
  ขอยืม
13. วิทยาศาสตร์การแพทย์ และสุขภาพ
วิทยาศาสตร์การแพทย์ และสุขภาพ
สถานะ=หนังสือเก่า
QZ4 พ218 ฉ.6 
  Barcode: 000793
ห้องสมุดวิทยาเขตสวรรค์ประชารักษ์
►ส่วนจัดเก็บหนังสือเก่า สปร
บนชั้น
  ขอยืม
14. วิทยาศาสตร์การแพทย์ และสุขภาพ
วิทยาศาสตร์การแพทย์ และสุขภาพ
สถานะ=หนังสือเก่า
QZ4 พ218 ฉ.7 
  Barcode: 000794
ห้องสมุดวิทยาเขตสวรรค์ประชารักษ์
►ส่วนจัดเก็บหนังสือเก่า สปร
บนชั้น
  ขอยืม
15. วิทยาศาสตร์การแพทย์ และสุขภาพ
วิทยาศาสตร์การแพทย์ และสุขภาพ
สถานะ=หนังสือเก่า
QZ4 พ218 ฉ.8 
  Barcode: 000795
ห้องสมุดวิทยาเขตสวรรค์ประชารักษ์
►ส่วนจัดเก็บหนังสือเก่า สปร
บนชั้น
  ขอยืม
16. วิทยาศาสตร์การแพทย์ และสุขภาพ
วิทยาศาสตร์การแพทย์ และสุขภาพ
สถานะ=หนังสือเก่า
QZ4 พ218 ฉ.9 
  Barcode: 005198
ห้องสมุดวิทยาเขตสวรรค์ประชารักษ์
►ส่วนจัดเก็บหนังสือเก่า สปร
บนชั้น
  ขอยืม

รายการใกล้เคียง
    หัวเรื่อง [สรีรวิทยา]
    หัวเรื่อง [พยาธิวิทยา]
    หัวเรื่อง [เซลล์วิทยา]

BibComment


ยังไม่เคยถูกคอมเมนท์

คอมเมนท์ทรัพยากรรายการนี้
  คอมเมนท์: พยาธิสรีรวิทยาทา..


 Copyright 2026. Bcnsprnw @Library